000
00231nam a2200097Ia 4500
001
1194298
005
20250827021726.0
008
250824s9999 xx 000 0 und d
245
0
_a
SUÇLU
_c
ORHAN KEMAL
260
_b
EVEREST YAYINLARI
999
_c
1194298
_d
1194298